Stolice Świata według ostatniej litery A-Z - Statystyki

Ogólne statystyki
  • Ten quiz został rozwiązany 3 347 razy
    3 324 od ostatniego zresetowania
  • Średni wynik to 13 z 22
Statystyki odpowiedzi
Litera # Stolice % Poprawnych
A 58 Tirana | Andora | Luanda | Canberra | Manama | Dhaka | Brasília | Sofia | Gitega | Ottawa | Praia | Ndżamena | Bogota | Hawana | Nikozja | Kinszasa | Asmara | Addis Abeba | Suva | Akra | Tegucigalpa | Dżakarta | Tarawa | Prisztina | Ryga | Monrovia | Valletta | Podgorica | Managua | Abudża | Lima | Manila | Doha | Apia | Victoria | Bratysława | Lublana | Honiara | Pretoria | Dżuba | Dodoma | Nuku'alofa | Ankara | Kampala | Port Vila | Sana | Lusaka | Astana | Praga | Antananarywa | Warszawa | Moskwa | Jerozolima | Bruksela | Gwatemala | Panama | Kopenhaga | Lizbona
100%
N 22 Bridgetown | Belmopan | Bandar Seri Begawan | Tallinn | Berlin | Georgetown | Teheran | Dublin | Kingston | Amman | Yaren | Wellington | Asunción | Kingstown | Freetown | Bloemfontein | Port-of-Spain | Londyn | Waszyngton | Wientian | Pekin | Watykan
84%
O 17 Sarajewo | Santiago | Quito | Tokio | Monako | Oslo | San Marino | Montevideo | Santo Domingo | Porto-Novo | Jamusukro | Bamako | Majuro | Maputo | Paramaribo | Berno | Wilno
83%
K 7 Mińsk | Bangkok | Reykjavík | Biszkek | Windhuk | Meksyk | Damaszek
77%
T 9 Budapeszt | Bukareszt | Bejrut | Rabat | Maskat | Nawakszut | Taszkent | Madryt | Kuwejt
76%
I 12 Bangi | Moroni | Dżibuti | Dili | Helsinki | Tbilisi | Nowe Delhi | Nairobi | Kigali | Funafuti | Abu Zabi | Hanoi
74%
M 4 Amsterdam | Sztokholm | Chartum | Rzym
70%
D 7 Islamabad | Bagdad | Ngerulmud | Belgrad | Rijad | Kapsztad | Aszchabad
67%
R 8 San Salvador | Dakar | Kuala Lumpur | Ułan Bator | Palikir | Singapur | Kair | Algier
64%
Ń 2 Wiedeń | Erywań
64%
W 3 Naypyidaw | | Kiszyniów | Kijów
58%
Ż 1 Paryż
57%
S 8 Caracas | Buenos Aires | Tunis | Saint George's | Port Louis | Castries | Saint John’s | Trypolis
52%
E 17 Sucre | Gaborone | Jaunde | San José | Mbabane | Libreville | Port-au-Prince | Lilongwe | Male | Skopje | Brazzaville | Basseterre | São Tomé | Sri Dźajawardanapura Kotte | Duszanbe | Lomé | Harare
52%
Y 4 Port Moresby | Niamey | Konakry | Ateny
50%
L 3 Kabul | Seul | Bandżul
45%
G 2 Luksemburg | Pjongjang
43%
U 10 Nassau | Mogadiszu | Baku | Cotonou | Thimphu | Roseau | Bissau | Maseru | Katmandu | Wagadugu
42%
B 1 Zagrzeb
40%
Z 3 Vaduz | La Paz | Ciudad de La Paz
35%
J 1 Tajpej
14%
H 1 Phnom Penh
10%
Nie znaleziono quizów pasujących do podanych kryteriów
Rozkład punktacji
Procent ludzi z każdym wynikiem
Percentyl według liczby udzielonych odpowiedzi
Twoja historia wyników
Nie rozwiązałeś tego quizu od ostatniego zresetowania